000 00511nam a2200145 i 4500
001 44072
003 ES-MaACL
007 t|
008 030320s1886 fr ||||1| fre d
100 1 _aCesena, Amédée de.
_937682
245 1 4 _aLes Bourbons de France, Henri IV, Louis XIII, Louis XIV, Louis XV, Louis XVI, Louis XVIII, Charles X, Louis-Philippe 1er, le Comte de Paris /
_cpar Amédée de Cesena.
260 _aParís :
_bBleirot,
_c1886.
300 _aX, 616 p., lám. ;
_c26 cm.
852 _aES-MaACL
_jG-1189
999 _c44072
_d44072